| 000 | 01106nam a2200181Ia 4500 | ||
|---|---|---|---|
| 008 | 151202s9999||||xx |||||||||||||| ||und|| | ||
| 082 | _bPNVM-76805 | ||
| 100 | _aडहाळे संजय | ||
| 245 | _aपडद्यामागचे किस्से -नाट्य चित्रपट कलावंतांचे न ऐकलेले न वाचलेले | ||
| 260 | _b"आमोद प्रकाशन,५८,गोयल ट्रेड सेंटर,शांतीवन,बोरिवली पूर्व,मुंबई-४०००६६" | ||
| 260 | _c2011 | ||
| 300 | _a192 | ||
| 600 | _aडहाळे संजय | ||
| 630 | _aपडद्यामागचे किस्से -नाट्य चित्रपट कलावंतांचे न ऐकलेले न वाचलेले | ||
| 700 | _aडहाळे संजय | ||
| 730 | _aपडद्यामागचे किस्से -नाट्य चित्रपट कलावंतांचे न ऐकलेले न वाचलेले | ||
| 942 | _cBOOK | ||
| 999 |
_c1343464 _d1343461 |
||